000 00321nam a2200109Ia 4500
008 200302s9999 xx 000 0 und d
100 _aKalpana Markandey and others
245 _aUrban Growth Theories and Settlement Systems of India
260 _bConcept Publishing Company Pvt., Ltd.,
260 _c2011
300 _a329 P.,
999 _c5641
_d5641